00866cam a22002651 4500001001300000003000400013005001700017008004100034010001700075025001800092035002000110040001800130042001200148050002000160100002400180245009300204260004800297300001900345500009700364650002600461650002500487610004100512700003000553999001700583sa 65008201 DLC20260227112154.0870806s1964 pk 000 0 eng  asa 65008201  aPL480:P-E-786 a(OCoLC)16396223 aDLCcWaUdDLC apremarc00aLB1617.P143bD51 aDil, Anwar S.,eed.10aDeveloping secondary education in West Pakistan.cEdited by Anwar S. Dil [and] Afia Dil. aLahore,bEducation Extention Centre,c1964. a214 p.c22 cm. a"Papers ... contributed by the faculty of the Education Extension Centre for West Pakistan." 0aEducation, Secondary. 0aEducationzPakistan.10aLahore.bEducation Extension Centre.1 aDil, Afia,ejoint editor. c65635d65635